00453cam a2200169ua 45000010005000000080039000050200018000440400009000620820011000711000028000822450059001102500009001692600032001783000017002106530014002276530042002412358110805n ii |||gr||||Z||||||eng a81-7457-009-8 cMAIN a370.921 aChaube, S. P.,eAuthor.1 aGreat indian educational philosopherscby S. P. Chaube a1st. aAgra:bVinod pustak mandir. a266p:c23cm. aEducation aGreat indian educational philosophers